A.J. Styles career opponents - Statistics

General Stats
  • This quiz has been taken 174 times
    50 since last reset
  • The average score is 94 of 199
Answer Stats
Answer % Correct
Brock Lesnar
96%
Dean Ambrose
96%
Seth Rollins
96%
Edge
91%
Jeff Hardy
91%
John Cena
91%
Matt Hardy
91%
Roman Reigns
91%
Shinsuke Nakamura
91%
Big E
87%
Chris Jericho
87%
Dominik Mysterio
87%
Finn Balor
87%
Karl Anderson
87%
Kofi Kingston
87%
Mr. Anderson
87%
Randy Orton
87%
Rey Mysterio
87%
Samoa Joe
87%
Sheamus
87%
Abyss
83%
Adam Cole
83%
Bobby Roode
83%
Braun Strowman
83%
Christopher Daniels
83%
Daniel Bryan
83%
Doc Gallows
83%
James Storm
83%
Kevin Nash
83%
Kurt Angle
83%
Luke Harper
83%
Sting
83%
The Miz
83%
The Undertaker
83%
Xavier Woods
83%
Bobby Lashley
78%
Booker T
78%
Cesaro
78%
Christian Cage
78%
Cody Rhodes
78%
Dusty Rhodes
78%
Eric Young
78%
Jeff Jarrett
78%
Jey Uso
78%
Jimmy Uso
78%
Kevin Owens
78%
Rusev
78%
Sami Zayn
78%
Scott Hall
78%
Bully Ray
74%
CM Punk
74%
Damian Priest
74%
Drew McIntyre
74%
Hernandez
74%
Jay Lethal
74%
Jimmy Rave
74%
Jinder Mahal
74%
R-Truth
74%
Scott Steiner
74%
Shane McMahon
74%
Aleister Black
70%
Austin Aries
70%
Dolph Ziggler
70%
Homicide
70%
PJ Black
70%
Rhino
70%
Rob Van Dam
70%
Roderick Strong
70%
Shelton Benjamin
70%
Alberto Del Rio
65%
Heath Slater
65%
Magnus
65%
Matt Riddle
65%
Ricochet
65%
Amazing Red
61%
Douglas Williams
61%
Gunther
61%
Kenny Omega
61%
Matt Morgan
61%
Omos
61%
Petey Williams
61%
Syxx-Pac
61%
Brian Kendrick
57%
Chris Hero
57%
Curtis Axel
57%
D'Lo Brown
57%
Jerry Lynn
57%
Logan Paul
57%
Raven
57%
Shark Boy
57%
Aiden English
52%
Baron Corbin
52%
Shannon Moore
52%
Tyler Breeze
52%
Austin Theory
48%
Bobby Fish
48%
Devon
48%
John Morrison
48%
LA Knight
48%
Matt Sydal
48%
Neville
48%
Ryback
48%
Solo Sikoa
48%
Tomko
48%
Tommaso Ciampa
48%
Apollo Crews
43%
Chris Harris
43%
D'Angelo Dinero
43%
Samir Singh
43%
Shane Douglas
43%
Sunil Singh
43%
Tommy Dreamer
43%
Chris Sabin
39%
Hiroshi Tanahashi
39%
Kazarian
39%
Sabu
39%
The Sandman
39%
Tye Dillinger
39%
Alex Shelley
35%
Chad Gable
35%
Davey Richards
35%
Enzo Amore
35%
Karrion Kross
35%
Rob Terry
35%
Stevie Richards
35%
Desmond Wolfe
30%
Grayson Waller
30%
Jaxson Ryker
30%
Kazuchika Okada
30%
Kota Ibushi
30%
Low Ki
30%
Mark Briscoe
30%
Paul London
30%
Brother Runt
26%
Carlito
26%
Harry Smith
26%
Hector Garza
26%
Ivar
26%
James Ellsworth
26%
Johnny Gargano
26%
Sonjay Dutt
26%
Will Ospreay
26%
Cedric Alexander
22%
Crimson
22%
Elias
22%
Elix Skipper
22%
Kyle O'Reilly
22%
Lance Archer
22%
Minoru Suzuki
22%
Tetsuya Naito
22%
Zack Sabre Jr.
22%
Drew Gulak
17%
Garrett Bischoff
17%
Jack Evans
17%
JD McDonagh
17%
Robbie E
17%
Abdul Bashir
13%
Bad Luck Fale
13%
Colt Cabana
13%
Jimmy Jacobs
13%
Jushin Liger
13%
Kid Kash
13%
Knux
13%
The Hurricane
13%
Akira Tozawa
9%
Anthony Nese
9%
Carmelo Hayes
9%
Chris Candido
9%
Frank Trigg
9%
Gran Metalik
9%
Hiroyoshi Tenzan
9%
Humberto Carrillo
9%
Marty Scurll
9%
Matt Bentley
9%
Paul Diamond
9%
Simon Diamond
9%
Suicide
9%
Xavier
9%
Chris Hamrick
4%
James Gibson
4%
Kaz Hayashi
4%
Mike Sanders
4%
Noam Dar
4%
Rocky Romero
4%
Tiger Mask
4%
Toru Yano
4%
Yoshi Tatsu
4%
ACH
0%
Aguila
0%
Andrade Almas
0%
Brian Myers
0%
Glen Gilberti
0%
Joey Matthews
0%
Larry Zbyszko
0%
Michael Elgin
0%
Nova
0%
Paul Birchall
0%
Rico Constantino
0%
Trent Barreta
0%
No matching quizzes found
Score Distribution
Percent of People with Each Score
Percentile by Number Answered
Your Score History
You have not taken this quiz since the last reset